[Event "St Louis Winter GM 2017"]
[Site "masterchessopen.com Saint Louis USA"]
[Date "2017.02.18"]
[Round "5.1"]
[White "Checa,Nicolas D"]
[Black "Kumar,Nikhil"]
[Result "0-1"]
[WhiteElo "2400"]
[BlackElo "2479"]

1.d4 d5 2.c4 e6 3.Nc3 Be7 4.Nf3 Nf6 5.Bf4 O-O 6.Rc1 c5 7.dxc5 Qa5 8.e3 Rd8
9.Bd6 dxc4 10.Nd2 Bxd6 11.cxd6 Rxd6 12.Qf3 Rxd2 13.Kxd2 Nc6 14.Bxc4 Bd7
15.Rhd1 Rc8 16.Bb3 Ne5 17.Qe2 Rc5 18.Kc2 Bc6 19.f3 b5 20.a3 b4 21.axb4 Qxb4
22.Rd8+ Be8 23.Rd4 Qb6 24.Rcd1 h6 25.Rd6 Nc6 26.e4 Qb4 27.Qa6 Na5 28.Ba2 Ba4+
29.Kb1 Rxc3 30.R1d4 Bc2+ 31.Ka1 Rc4 32.Qc8+ Kh7 33.Bxc4 Qa4+ 34.Ba2 Nb3# 0-1

[Event "St Louis Winter GM 2017"]
[Site "masterchessopen.com Saint Louis USA"]
[Date "2017.02.18"]
[Round "5.2"]
[White "Berczes,D"]
[Black "Finegold,B"]
[Result "1-0"]
[WhiteElo "2479"]
[BlackElo "2483"]

1.c4 c6 2.d4 d5 3.cxd5 cxd5 4.Bf4 Nc6 5.e3 Nf6 6.Nc3 e6 7.Bd3 Bd6 8.Bxd6 Qxd6
9.f4 h6 10.Nf3 g5 11.g3 gxf4 12.exf4 Bd7 13.Qd2 Rc8 14.O-O h5 15.f5 exf5
16.Nb5 Qe7 17.Qf4 Ne4 18.Bxe4 dxe4 19.Nd6+ Kf8 20.Rae1 Rd8 21.Ng5 Nxd4
22.Ngxf7 Kg7 23.Qe3 Qf6 24.Nxe4 Nc2 25.Nxf6 Nxe3 26.Nxd8 Nxf1 27.Nxd7 {#r} 1-0

[Event "St Louis Winter GM 2017"]
[Site "masterchessopen.com Saint Louis USA"]
[Date "2017.02.18"]
[Round "5.4"]
[White "Burke,John M"]
[Black "Arribas Lopez,A"]
[Result "1-0"]
[WhiteElo "2495"]
[BlackElo "2511"]

1.e4 c5 2.Nf3 d6 3.d4 cxd4 4.Nxd4 Nf6 5.Nc3 a6 6.Bg5 Nbd7 7.Qe2 h6 8.Bh4 g6
9.f4 e5 10.fxe5 dxe5 11.O-O-O Qc7 12.Nb3 b5 13.Nd5 Nxd5 14.exd5 Bb7 15.Kb1 Bd6
16.Qd2 b4 17.Bd3 Nb6 18.Rhe1 Bxd5 19.Bf6 Kd7 20.Be4 Bxe4 21.Rxe4 Ke6 22.Qf4
Rhd8 23.Nd4+ Kd7 24.Qg4+ Ke8 25.Ne6 fxe6 26.Qxe6+ {#r} 1-0

[Event "St Louis Winter GM 2017"]
[Site "masterchessopen.com Saint Louis USA"]
[Date "2017.02.18"]
[Round "5.5"]
[White "Liang,Awonder"]
[Black "Gorovets,A"]
[Result "1-0"]
[WhiteElo "2493"]
[BlackElo "2533"]

1.d4 d6 2.e4 Nf6 3.Bd3 e5 4.c3 g6 5.Nf3 Nc6 6.O-O Bg7 7.Na3 O-O 8.Bg5 h6 9.Bh4
Bg4 10.Nc2 exd4 11.cxd4 g5 12.Bg3 Nh5 13.Be2 f5 14.exf5 Bxf5 15.d5 Nxg3
16.hxg3 Ne7 17.Ne3 c5 18.dxc6 bxc6 19.Nxf5 Nxf5 20.Rc1 g4 21.Nd2 h5 22.Rxc6
Nd4 23.Rc1 d5 24.Nb3 Nxb3 25.Qxb3 Rb8 26.Qd3 Rb4 27.Bd1 Rd4 28.Qg6 Qe8 29.Qg5
Qe5 30.Qxe5 Bxe5 31.Bb3 Kg7 32.Rfe1 Re4 33.Bxd5 Rxe1+ 34.Rxe1 Bxb2 35.Re7+ Kf6
36.Re6+ Kg7 37.f3 Rd8 38.Bb3 Rd2 39.Re4 Bd4+ 40.Kh1 gxf3 41.gxf3 Kf6 42.Rh4
Kg6 43.Re4 Bb6 44.Bc4 Rd4 45.Rxd4 Bxd4 46.Kg2 Kf6 47.Kh3 Bf2 48.Kh4 Kg6 49.Bb5
Kf7 50.f4 Kg6 51.a4 Kh6 52.Be8 Be1 53.Bxh5 Bxg3+ 54.Kxg3 Kxh5 55.Kf3 Kg6
56.Ke4 Kf6 57.a5 Ke6 58.a6 Kf6 59.Kd5 Kf5 60.Kc6 Kxf4 61.Kb7 {#r} 1-0

[Event "St Louis Winter IM 2017"]
[Site "masterchessopen.com Saint Louis USA"]
[Date "2017.02.18"]
[Round "4.1"]
[White "Banawa,Joe"]
[Black "Hua,L"]
[Result "1-0"]
[WhiteElo "2370"]
[BlackElo "2333"]

1.d4 Nf6 2.c4 g6 3.Nc3 Bg7 4.e4 d6 5.Be2 O-O 6.Be3 c5 7.e5 Ne8 8.dxc5 Bxe5
9.Nf3 Bxc3+ 10.bxc3 Nd7 11.Bh6 Nxc5 12.Bxf8 Kxf8 13.O-O Nf6 14.Nd4 Bd7 15.Re1
Rc8 16.Qc1 Kg7 17.Bf1 e5 18.Nb3 Be6 19.Qa3 Nce4 20.Qxa7 b6 21.Qa4 Nxc3 22.Qb4
Nce4 23.Rab1 Ra8 24.Nc1 b5 25.cxb5 Nxf2 26.b6 N2e4 27.a4 Nc5 28.a5 Bd5 29.Rd1
Be4 30.Ra1 Nd5 31.Qc4 Ne3 32.Qxc5 dxc5 33.Rxd8 Rxd8 34.Nb3 c4 35.Nc5 Bc6
36.Re1 Nc2 37.Rc1 Ne3 38.b7 Bxb7 39.Nxb7 Rd2 40.Bxc4 Rxg2+ 41.Kh1 Rb2 42.Nc5
Ng4 43.a6 Nxh2 44.Bd5 e4 45.Bxe4 Ra2 46.Bd5 {#r} 1-0

[Event "St Louis Winter IM 2017"]
[Site "masterchessopen.com Saint Louis USA"]
[Date "2017.02.18"]
[Round "4.4"]
[White "Grabinsky,Aaron"]
[Black "Young,An"]
[Result "1-0"]
[WhiteElo "2372"]
[BlackElo "2295"]

1.d4 Nf6 2.Bf4 Nh5 3.Bg5 c6 4.e4 g6 5.Be2 Ng7 6.Nc3 d5 7.f3 Qb6 8.a3 Ne6 9.Be3
Bg7 10.Na4 Qa5+ 11.c3 O-O 12.b4 Qc7 13.Nh3 b5 14.Nb2 dxe4 15.fxe4 c5 16.bxc5
Nxc5 17.Nf2 Bb7 18.Qc2 Ne6 19.Rc1 Rc8 20.Qb3 Nc6 21.O-O a6 22.Qa2 Ncd8 23.Bf3
Qa5 24.Qb3 Rc7 25.Rfd1 Rac8 26.Bd2 Qb6 27.Kh1 Nc6 28.Nc4 Qa7 29.Ne3 Na5 30.Qa2
Nc4 31.Nxc4 Rxc4 32.Ng4 Qa8 33.Ne3 Bxe4 34.Bxe4 Qxe4 35.Nxc4 Rxc4 36.Re1 Qd5
37.Qb1 Ra4 38.Qb2 Bf8 39.Rf1 Nd8 40.Bf4 Nc6 41.Rce1 f6 42.Bc7 Kf7 43.Bb6 Rc4
44.Bc5 Nd8 45.Re3 Ne6 46.Bb4 Nd8 47.Qe2 Rc7 48.Qg4 Nc6 49.Bc5 Rd7 50.Rfe1 Qf5
51.Qxf5 gxf5 52.Re6 Rc7 53.Kg1 Rc8 54.Bb4 a5 55.Bc5 Ne5 56.Rb6 Nd3 57.Rb1 Nxc5
58.dxc5 Rxc5 59.R6xb5 Rxc3 60.Rxa5 e5 61.a4 Bc5+ 62.Kh1 Bd4 63.h4 Kg6 64.Ra1
Rc4 65.Ra3 Bc3 66.Ra8 Rxh4+ 67.Kg1 Bd4+ 68.Kf1 Rh1+ 69.Ke2 f4 70.a5 Rg1 71.Kd3
Kf5 72.Ra2 Rd1+ 73.Kc4 Ke4 74.a6 Rc1+ 75.Kb5 Rc5+ 76.Kb4 f5 77.Rb8 Rc1 78.Rb7
f3 79.gxf3+ Kxf3 80.Rxh7 f4 81.Rd7 Rb1+ 82.Kc4 Rc1+ 83.Kd5 Rc5+ 84.Ke6 Rc8
85.a7 Ra8 86.Kd5 Ke3 87.Ra3+ Ke2 88.Ke4 Kd2 89.Rc7 Be3 90.Ra2+ Ke1 91.Rh7 Kf1
92.Rh1+ Bg1 93.Kf3 e4+ 94.Kxe4 f3 95.Kxf3 Rf8+ 96.Ke4 Re8+ 97.Kf5 Rf8+ 98.Ke6
{#r} 1-0

[Event "St Louis Winter IM 2017"]
[Site "masterchessopen.com Saint Louis USA"]
[Date "2017.02.18"]
[Round "4.5"]
[White "Brooks,M"]
[Black "Neimer,V"]
[Result "1-0"]
[WhiteElo "2384"]
[BlackElo "2356"]

1.e4 e5 2.Nc3 Nf6 3.g3 d5 4.exd5 Nxd5 5.Bg2 Nxc3 6.bxc3 Nc6 7.d3 Bc5 8.Nf3 O-O
9.O-O Re8 10.Ng5 h6 11.Ne4 Bb6 12.Qh5 Re6 13.Kh1 Rg6 14.h3 Qe8 15.g4 Be6 16.f4
exf4 17.Bxf4 Rd8 18.Rae1 Ne7 19.Nc5 Bxc5 20.Qxc5 Qd7 21.Qxc7 Qxc7 22.Bxc7 Rd7
23.Bb8 Nc6 24.Bf4 Bd5 25.Re8+ Kh7 26.Bd2 Re6 27.Rxe6 fxe6 28.Rf8 g6 29.c4
Bxg2+ 30.Kxg2 Kg7 31.Rf2 Nd4 32.Bf4 Nc6 33.Re2 g5 34.Bc1 Kf6 35.Rf2+ Kg6
36.Bb2 Nd4 37.Bxd4 Rxd4 38.Kf3 h5 39.Ke3 e5 40.c3 Rf4 41.gxh5+ Kxh5 42.Rxf4
exf4+ 43.Kf3 Kh4 44.Kg2 f3+ 45.Kh2 f2 46.Kg2 f1=B+ 47.Kxf1 Kxh3 48.Kg1 Kg3
49.d4 Kf4 50.Kg2 Ke4 51.Kg3 a5 52.a4 Kd3 53.d5 Kxc4 54.d6 {#r} 1-0

[Event "St Louis Winter IM 2017"]
[Site "masterchessopen.com Saint Louis USA"]
[Date "2017.02.18"]
[Round "5.3"]
[White "Williams,Justus D"]
[Black "Gauri,S"]
[Result "1-0"]
[WhiteElo "2333"]
[BlackElo "2306"]

1.Nf3 Nf6 2.c4 b6 3.g3 Bb7 4.Bg2 g6 5.d4 Bg7 6.O-O O-O 7.d5 Na6 8.Nc3 Nc5
9.Re1 Nfe4 10.Nxe4 Nxe4 11.Qc2 f5 12.Ng5 Nxg5 13.Bxg5 h6 14.Bf4 e5 15.Bd2 d6
16.e4 Qf6 17.exf5 Qxf5 18.Qxf5 gxf5 19.b4 e4 20.Rad1 Rae8 21.Re3 b5 22.Bf1
bxc4 23.Bxc4 Kh7 24.Ra3 a6 25.Be3 Ra8 26.Ra5 Be5 27.Rc1 Kg6 28.Bb3 Rf7 29.Ba4
Rc8 30.Bc6 Bxc6 31.Rxc6 f4 32.gxf4 Bxf4 33.Raxa6 Bxe3 34.fxe3 Kh5 35.Rc2 Rcf8
36.Rac6 Kh4 37.Rc1 Kh3 38.R6c2 Rf3 39.a4 Rxe3 40.Rc3 Rff3 41.Rxe3 Rxe3 42.Rxc7
Ra3 43.a5 e3 44.Kf1 Kxh2 45.Ke2 Kg3 46.Rf7 h5 47.Rf3+ Kg2 48.Rxe3 Ra2+ 49.Kd3
h4 50.Kc4 h3 51.Re8 Kf3 52.Rh8 h2 53.Kb3 Ra1 54.Rxh2 Ke4 55.Rd2 Ke3 56.Ra2
Rb1+ 57.Kc4 Rc1+ 58.Kb5 Kd4 59.a6 Rc8 60.a7 {#r} 1-0

[Event "St Louis Winter IM 2017"]
[Site "masterchessopen.com Saint Louis USA"]
[Date "2017.02.18"]
[Round "5.4"]
[White "Neimer,V"]
[Black "Grabinsky,Aaron"]
[Result "1-0"]
[WhiteElo "2356"]
[BlackElo "2372"]

1.Nc3 e6 2.e4 d5 3.d4 Bb4 4.e5 b6 5.Qg4 Bf8 6.Nf3 Ne7 7.Be2 Ba6 8.O-O Nf5
9.Rd1 Be7 10.Bxa6 Nxa6 11.Ne2 c6 12.a4 g6 13.Bg5 Bxg5 14.Nxg5 Rc8 15.Ra3 Nb4
16.Rh3 Nxc2 17.Nxh7 Kd7 18.Qf4 Qe7 19.g4 Ng7 20.Rc1 Nb4 21.Rcc3 Nh5 22.gxh5
Rxh7 23.hxg6 Rg7 24.Rcg3 fxg6 25.Qh6 Rcg8 26.Nf4 Qf7 27.Rf3 Qf5 28.Nd3 Qe4
29.Rf4 Qe2 30.Nxb4 Qe1+ 31.Kg2 Qxb4 32.Rhf3 Qe7 33.Rf6 g5 34.Qh5 g4 35.R3f4
Rg5 36.Qh6 R5g7 37.b4 a5 38.bxa5 bxa5 39.Qh5 Rg5 40.Qh6 R5g7 41.Kf1 c5 42.dxc5
Rh7 43.c6+ Kc7 44.Rxe6 Rxh6 45.Rxe7+ Kxc6 46.Rf6+ Rxf6 47.exf6 Rg5 48.Rg7 Rf5
49.f7 Kc5 50.Ke2 Rf4 51.Ke3 Rf3+ 52.Ke2 Rf4 53.Rxg4 Rxf7 54.h4 d4 55.h5 Kc4
56.Rg3 Rb7 57.h6 Rb2+ 58.Kf3 Rb3+ 59.Ke4 Rb8 60.h7 Re8+ 61.Kf5 d3 62.Rg8 d2
63.h8=Q d1=Q 64.Qh4+ Kc5 65.Rxe8 Qd7+ 66.Re6 Qf7+ 67.Qf6 Qh7+ 68.Kg5 {#r} 1-0

[Event "ch-Nordic Youth 2017"]
[Site "masterchessopen.com Drammen NOR"]
[Date "2017.02.18"]
[Round "3.2"]
[White "Syvalahti,Timo"]
[Black "Ragnarsson,Dagur"]
[Result "0-1"]
[WhiteElo "2149"]
[BlackElo "2276"]

1.d4 f5 2.Bg5 g6 3.Nc3 h6 4.Bf4 Nf6 5.h4 d6 6.Nf3 Bg7 7.e3 e6 8.Bd3 Nc6 9.Qd2
Qe7 10.Bh2 e5 11.dxe5 Nxe5 12.Nxe5 dxe5 13.O-O-O c6 14.f3 O-O 15.g4 fxg4
16.Bxg6 gxf3 17.e4 Ng4 18.Bg1 f2 19.Rf1 fxg1=Q 20.Rhxg1 Rxf1+ 21.Rxf1 Be6
22.h5 Rf8 23.Rd1 Qg5 24.Qxg5 hxg5 25.Rd6 Bf7 26.Bf5 Nh6 27.Rd7 Nxf5 28.exf5
Bxh5 29.Rxb7 g4 30.Ne4 Bh6+ 31.Kd1 g3+ 32.Ke1 g2 33.Kf2 Rxf5+ {#R} 0-1

[Event "ch-Nordic Youth 2017"]
[Site "masterchessopen.com Drammen NOR"]
[Date "2017.02.18"]
[Round "3.6"]
[White "Saltvedt,Martin"]
[Black "Morling,Joakim"]
[Result "1-0"]
[WhiteElo "2056"]
[BlackElo "2079"]

1.d4 d5 2.Nf3 e6 3.Bf4 Bd6 4.Bg3 c5 5.e3 Nc6 6.c3 Nf6 7.Nbd2 O-O 8.Bd3 b6
9.Qe2 Bb7 10.Rd1 Qe7 11.e4 dxe4 12.Nxe4 Nxe4 13.Bxe4 Bxg3 14.hxg3 h6 15.dxc5
bxc5 16.g4 Rfd8 17.g5 hxg5 18.Rxd8+ Rxd8 19.Bh7+ Kf8 20.Be4 Kg8 21.Ne5 Qd6
22.Rh8+ Kxh8 23.Nxf7+ Kg8 24.Nxd6 Rxd6 25.Qb5 {#r} 1-0

[Event "ch-Nordic Youth 2017"]
[Site "masterchessopen.com Drammen NOR"]
[Date "2017.02.18"]
[Round "4.2"]
[White "Jacobsen,Mikkel Manosri"]
[Black "Nielsen,Viktor"]
[Result "0-1"]
[WhiteElo "2300"]
[BlackElo "2232"]

1.Nf3 c5 2.g3 Nc6 3.Bg2 g6 4.O-O Bg7 5.d3 e6 6.Nbd2 d5 7.c3 Nf6 8.Rb1 O-O 9.a3
a5 10.a4 b6 11.Qc2 Bb7 12.Re1 Qc7 13.e4 Rfd8 14.exd5 Nxd5 15.Nc4 Ba6 16.Bg5
Rd7 17.Rbd1 h6 18.Bc1 Rad8 19.Qe2 Kh7 20.h4 Re7 21.Nh2 Bb7 22.Ng4 f5 23.Nh2
Ba6 24.h5 g5 25.f4 gxf4 26.gxf4 Bf6 27.Qf2 Bb7 28.Kh1 Rg8 29.Rg1 Reg7 30.Bf3
Nxf4 31.Rxg7+ Rxg7 32.Nxb6 Nh3 33.Qd2 Qg3 34.Qxh6+ Kg8 35.Be3 Nd8 36.Bxb7 Nxb7
37.Qxg7+ Bxg7 38.Nd7 f4 {#R} 0-1

[Event "ch-Nordic Youth 2017"]
[Site "masterchessopen.com Drammen NOR"]
[Date "2017.02.18"]
[Round "4.4"]
[White "Berglind,Axel"]
[Black "Syvalahti,Timo"]
[Result "0-1"]
[WhiteElo "2130"]
[BlackElo "2149"]

1.c4 e5 2.d3 Nf6 3.Nf3 Nc6 4.a3 g6 5.b4 d6 6.Bb2 Bg7 7.g3 O-O 8.Bg2 Be6 9.Nbd2
h6 10.Qc2 Qd7 11.h3 Nh7 12.b5 Nd8 13.d4 exd4 14.Nxd4 Rb8 15.Nxe6 Nxe6 16.Bxg7
Kxg7 17.Rd1 Qe7 18.e3 Nf6 19.O-O Nc5 20.Rfe1 Nfd7 21.f4 Kh7 22.h4 h5 23.Nf3
Rbe8 24.e4 Qf6 25.Bh3 Re7 26.Rd5 Kg7 27.Ng5 Rfe8 28.e5 dxe5 29.fxe5 Rxe5
30.Rf1 Re1 31.Qd2 Rxf1+ 32.Bxf1 Qb6 33.Qd4+ Kg8 34.Bh3 Nb3 35.Qxb6 Nxb6 36.Rd3
Nc5 37.Rf3 Re7 38.Bf1 Kg7 39.Kf2 f6 40.Nh3 Ne4+ 41.Kg1 Nd2 42.Rd3 Nxf1 43.Kxf1
Nxc4 44.Nf4 Kf7 45.Rc3 Nd2+ 46.Kg2 Ne4 47.Rc2 Rd7 48.Kf3 f5 49.a4 Kf6 50.Rxc7
Rxc7 51.Nd5+ Ke5 52.Nxc7 Nc3 53.a5 Kd6 54.b6 axb6 55.axb6 Na4 56.Kf4 Nxb6
57.Nb5+ Kc5 58.Na7 Nd5+ 59.Kg5 Ne7 60.Kf6 Kb6 61.Nc8+ Nxc8 62.Kxg6 Kc5 63.Kxh5
b5 64.Kg5 b4 65.h5 Nd6 66.Kg6 f4 67.h6 fxg3 68.h7 g2 69.h8=Q g1=Q+ {#R} 0-1

[Event "Meurthe et Moselle Blitz"]
[Site "masterchessopen.com Nancy FRA"]
[Date "2017.02.18"]
[Round "6.1"]
[White "Fridman,D"]
[Black "Fressinet,L"]
[Result "0-1"]
[WhiteElo "2594"]
[BlackElo "2660"]

1.Nf3 d5 2.d4 Nf6 3.c4 e6 4.Bg5 Bb4+ 5.Nbd2 dxc4 6.Qc2 b5 7.e4 h6 8.Bxf6 Qxf6
9.a4 c6 10.axb5 cxb5 11.b3 Nc6 12.e5 Nxd4 13.Qe4 Nxf3+ 14.gxf3 Qd8 15.O-O-O
Qd5 16.bxc4 Bxd2+ 17.Rxd2 Qxe4 18.fxe4 bxc4 19.Bxc4 O-O 20.f3 Bb7 21.Kb2 Rab8
22.Ka1 Rfc8 23.Ba2 Bc6 24.Rhd1 Ba4 25.Rb1 g5 26.Rxb8 Rxb8 27.h4 Kg7 28.Rg2 Bd1
29.hxg5 Bxf3 30.gxh6+ Kxh6 31.Rf2 Bh5 32.Bb1 Rb5 33.Rh2 Kg5 34.Rg2+ Kf4 35.Bd3
Rxe5 36.Kb2 Bg6 37.Kc3 Bxe4 38.Rf2+ Bf3 39.Rh2 Re1 40.Rh7 f5 41.Rxa7 e5 42.Rf7
e4 43.Bc4 Rc1+ 44.Kd4 Rd1+ 45.Kc3 e3 46.Bd3 Be4 47.Be2 Rd2 48.Bh5 Rh2 49.Bg6
Rc2+ 50.Kd4 {#R} 0-1

[Event "Meurthe et Moselle Blitz"]
[Site "masterchessopen.com Nancy FRA"]
[Date "2017.02.18"]
[Round "11.1"]
[White "Fressinet,L"]
[Black "Santamaria,J"]
[Result "1-0"]
[WhiteElo "2660"]
[BlackElo "2207"]

1.Nf3 c5 2.e4 g6 3.c3 Bg7 4.d4 cxd4 5.cxd4 d5 6.e5 Nc6 7.Bb5 Bg4 8.Nbd2 Rc8
9.O-O e6 10.h3 Bxf3 11.Nxf3 Ne7 12.Bg5 h6 13.Bxe7 Qxe7 14.Rc1 O-O 15.Qa4 Rc7
16.Rc3 Rfc8 17.Rfc1 Bf8 18.Ne1 Nb4 19.Qxa7 Nc6 20.Qa4 Qb4 21.Nd3 Qe7 22.Bxc6
bxc6 23.Qd1 Qg5 24.Qg4 Qd8 25.b4 {#r} 1-0

[Event "Nebesna Sotnya Mem Rapid"]
[Site "masterchessopen.com Lutsk UKR"]
[Date "2017.02.18"]
[Round "5.4"]
[White "Omelja,A"]
[Black "Bogdanovich,S"]
[Result "0-1"]
[WhiteElo "2340"]
[BlackElo "2602"]

1.d4 Nf6 2.c4 e6 3.Nc3 Bb4 4.e3 O-O 5.Ne2 d5 6.a3 Bd6 7.Ng3 c5 8.dxc5 Bxc5
9.b4 Bd6 10.Bb2 Be5 11.f4 Bd6 12.Be2 a5 13.c5 Be7 14.Na4 Nfd7 15.e4 dxe4
16.Nxe4 axb4 17.axb4 b6 18.O-O bxc5 19.Naxc5 Rxa1 20.Qxa1 Nxc5 21.bxc5 f6
22.Ba3 Bb7 23.Nd6 Bd5 24.Bf3 Bxf3 25.Rxf3 Nc6 26.Qa2 Nd4 27.Rd3 Qa5 28.Kf2
Bxd6 29.cxd6 Qb6 30.Kg3 Rd8 31.Qc4 Nf5+ 32.Kh3 Kf7 33.Qc5 Qb7 34.Qc4 Rc8
35.Qb4 Qa6 36.Rf3 Rd8 37.g4 Nxd6 38.Rc3 Qf1+ 39.Kg3 Qg1+ 40.Kh3 Qf1+ 41.Kg3
Qe1+ 42.Kh3 Rd7 43.Qc5 Qf1+ 44.Kh4 g5+ 45.fxg5 fxg5+ 46.Kh5 Qf6 47.Qxg5 Qxg5+
{#R} 0-1

[Event "Perth Congress 2017"]
[Site "masterchessopen.com Perth SCO"]
[Date "2017.02.18"]
[Round "3.6"]
[White "Grant,A"]
[Black "Page,Mark"]
[Result "0-1"]
[WhiteElo "2094"]
[BlackElo "2117"]

1.c4 g6 2.g3 Bg7 3.Bg2 d6 4.Nc3 Nf6 5.Nf3 O-O 6.O-O e5 7.d3 Nc6 8.Rb1 h6 9.b4
Be6 10.b5 Ne7 11.a4 Qd7 12.Ba3 b6 13.Ne1 Rae8 14.e4 Nh5 15.Nc2 f5 16.f3 Nf6
17.Nd5 g5 18.Ncb4 Ng6 19.Nxf6+ Bxf6 20.Nd5 Bd8 21.Qe2 Kh7 22.Rf2 f4 23.g4 Nh4
24.Bh1 h5 25.h3 Kg6 26.Rb2 Rh8 27.Rh2 Ref8 28.Qd1 Kf7 29.Bb4 Ke8 30.Rbf2 Ng6
31.Bc3 Rf7 32.d4 Rfh7 33.Qe2 hxg4 34.hxg4 Qg7 35.dxe5 Nxe5 36.Qb2 Rxh2 37.Rxh2
Rxh2 38.Qxh2 Bxd5 39.cxd5 Nxf3+ 40.Bxf3 Qxc3 41.Qh7 Qe1+ {#R} 0-1

[Event "Bundesliga 2016-17"]
[Site "masterchessopen.com Munich GER"]
[Date "2017.02.18"]
[Round "7.1"]
[White "Hoffmeyer,F"]
[Black "Markgraf,Al"]
[Result "0-1"]
[WhiteElo "2354"]
[BlackElo "2523"]
[EventType "team"]

1.d4 f5 2.Nc3 Nf6 3.Bg5 d5 4.f3 e6 5.e4 Be7 6.exf5 exf5 7.Bd3 O-O 8.Nge2 c6
9.Qd2 b5 10.Ng3 Ne8 11.h4 h6 12.Bxe7 Qxe7+ 13.Nce2 Nd6 14.O-O-O Nd7 15.Nf4 Qf6
16.Qf2 Qf7 17.Rdf1 Re8 18.h5 Nf8 19.Nge2 Bd7 20.Rfg1 a5 21.Qh4 Re3 22.g4 Nh7
23.Ng6 Ng5 24.Rf1 Nc4 25.Bxc4 dxc4 26.Ne5 Qd5 27.Qf2 f4 28.Nxf4 Qxd4 29.Ng2
Qxe5 30.Qxe3 Qf6 31.Rd1 Be6 32.f4 Nf7 33.f5 Bd5 34.Rhg1 b4 35.Nf4 c3 36.Nxd5
cxd5 37.Rxd5 a4 38.Qd4 b3 39.Qxc3 bxa2 40.Kd2 Qh4 41.Qe3 Rc8 42.Qf4 Qf6 43.Qd4
Qc6 44.c4 Qc7 45.Ra1 Ng5 46.Kc2 Nf3 47.Qe4 Qh2+ 48.Kc3 Rb8 49.b4 axb3 50.Rad1
Ng5 51.Rd8+ Kh7 52.Qd3 Rxd8 53.Qxd8 Qc2+ 54.Kb4 b2 {#R} 0-1

[Event "Bundesliga 2016-17"]
[Site "masterchessopen.com Dresden GER"]
[Date "2017.02.18"]
[Round "7.8"]
[White "Wirig,A"]
[Black "Warmerdam,Max"]
[Result "1-0"]
[WhiteElo "2481"]
[BlackElo "2388"]
[EventType "team"]

1.e4 e5 2.Bc4 Nf6 3.d3 Nc6 4.Nc3 Bb4 5.Ne2 d5 6.exd5 Nxd5 7.O-O Be6 8.Bb3 Qd7
9.f4 Nxc3 10.bxc3 Bc5+ 11.Kh1 Bxb3 12.axb3 Bd6 13.f5 f6 14.Ng3 Qf7 15.Qf3 a6
16.Be3 Rd8 17.Ra4 Be7 18.Rh4 Rd7 19.Ra1 Bf8 20.Ne4 Be7 21.Qh3 h6 22.Qf3 Bf8
23.Rg4 Be7 24.Bc5 Nd8 25.b4 Kf8 26.Be3 Rh7 27.h3 Qe8 28.Re1 c6 29.Bc5 Nf7
30.Qg3 Kg8 31.Bxe7 Qxe7 32.Rg6 Rd6 33.Nxd6 Nxd6 34.d4 e4 35.Rg4 h5 36.Rf4 Rh6
37.c4 h4 38.Qg4 e3 39.Qe2 Qd7 40.Qd3 Rh5 41.Qxe3 Rxf5 42.Rxf5 Qxf5 43.c5 Nb5
44.c4 Nc7 45.Qe7 Qf2 46.d5 {#r} 1-0

[Event "TCh-LTU 2017"]
[Site "masterchessopen.com Lithuania LTU"]
[Date "2017.02.18"]
[Round "3.1"]
[White "Vedrickas,T"]
[Black "Tvarijonas,T"]
[Result "1-0"]
[WhiteElo "2392"]
[BlackElo "2277"]
[EventType "team"]

1.d4 d5 2.c4 c6 3.cxd5 cxd5 4.Nc3 Nf6 5.f3 a6 6.e4 e6 7.e5 Nfd7 8.f4 Nc6 9.Nf3
b5 10.Bd3 Be7 11.O-O f5 12.exf6 Nxf6 13.Ne5 Qb6 14.Be3 Bd6 15.Kh1 Ne7 16.a4 b4
17.a5 Qd8 18.Na4 O-O 19.Nb6 Ra7 20.Qb3 Nd7 21.Na4 Rc7 22.Bd2 Nf5 23.Nf3 Qf6
24.Rae1 Re8 25.Re5 Bxe5 26.fxe5 Qe7 27.Bxb4 Rb7 28.Nb6 Qd8 29.Bc5 Nxc5 30.dxc5
Rc7 31.Nxc8 Rxc8 32.Rc1 Rb8 33.Qa3 Qc7 34.c6 Rbc8 35.b4 Ra8 36.Bxf5 exf5
37.Qd3 Qf7 38.Ng5 Qe7 39.Qxd5+ Kh8 40.Nf7+ Kg8 41.Nd6+ Qe6 42.Qxe6+ Rxe6 43.c7
{#r} 1-0

[Event "TCh-LTU 2017"]
[Site "masterchessopen.com Lithuania LTU"]
[Date "2017.02.18"]
[Round "3.1"]
[White "Steponavicius,S"]
[Black "Brazdzionis,A"]
[Result "0-1"]
[WhiteElo "2173"]
[BlackElo "2288"]
[EventType "team"]

1.b3 f5 2.Bb2 Nf6 3.e3 e6 4.c4 b6 5.Nc3 Bb7 6.d4 Bb4 7.a3 Bxc3+ 8.Bxc3 O-O
9.Nf3 Ne4 10.Qc2 d6 11.Bd3 Nd7 12.Bb2 Qe8 13.O-O-O Ndf6 14.h3 Rc8 15.Rhg1 c5
16.g4 b5 17.gxf5 bxc4 18.bxc4 Bc6 19.fxe6 Ba4 20.Qe2 Bxd1 21.Kxd1 Qxe6 22.d5
Qe7 23.Qc2 Rc7 24.Ng5 Nxg5 25.Rxg5 Rb7 26.Bf5 Kh8 27.Be6 Rxb2 28.Qxb2 Nxd5
29.Rxd5 Qxe6 30.Rg5 Rg8 31.Rg3 Qxc4 32.Ke1 Qe4 33.Ke2 d5 34.Rg4 Qe6 35.Qc3 Qe7
36.Qd3 Rd8 37.Qf5 g6 38.Qd3 Kg7 39.h4 Qe5 40.Rg5 Qb2+ 41.Ke1 Rf8 42.f4 Qc1+
43.Ke2 d4 44.h5 Rb8 45.Rxg6+ Kh8 46.Rg3 Qh1 47.exd4 Qh2+ 48.Kf3 Qxh5+ 49.Ke3
Re8+ 50.Kd2 Rd8 51.Rh3 Qf7 52.d5 Qxd5 53.Qxd5 Rxd5+ 54.Ke3 Rd4 55.Rh5 Rc4
56.Rg5 h6 57.Rg6 Kh7 58.Ra6 h5 59.Rxa7+ Kg6 60.Ra8 h4 61.Kf3 h3 62.Kg4 h2
63.Rh8 Rc2 64.a4 c4 65.a5 c3 66.a6 Rg2+ 67.Kf3 Ra2 68.Ke3 c2 69.Kd2 c1=Q+
70.Kxc1 h1=Q+ 71.Rxh1 Ra1+ 72.Kb2 Rxh1 {#R} 0-1

[Event "TCh-LTU 2017"]
[Site "masterchessopen.com Lithuania LTU"]
[Date "2017.02.18"]
[Round "3.1"]
[White "Setkauskas,V"]
[Black "Juksta,Karolis"]
[Result "1-0"]
[WhiteElo "2183"]
[BlackElo "2063"]
[EventType "team"]

1.e4 e6 2.d4 d5 3.Bd3 c5 4.exd5 exd5 5.Nf3 c4 6.Be2 Nf6 7.O-O Be7 8.b3 cxb3
9.axb3 O-O 10.Ne5 Nc6 11.Bf3 Bf5 12.Bb2 Qc7 13.Nxc6 bxc6 14.Ba3 Rfe8 15.Nc3
Ne4 16.Bxe4 dxe4 17.Bxe7 Rxe7 18.Qd2 Rd8 19.Qe3 Bg6 20.Ne2 f5 21.h4 Bh5 22.Nf4
Bg4 23.Rfe1 Rde8 24.d5 Qd6 25.c4 Qh6 26.dxc6 Qxh4 27.Rxa7 Rxa7 28.Qxa7 Qg5
29.Qd7 Ra8 30.c7 Qxf4 31.Qd5+ {#r} 1-0

[Event "TCh-LTU 2017"]
[Site "masterchessopen.com Lithuania LTU"]
[Date "2017.02.18"]
[Round "3.2"]
[White "Stauskas,Lukas"]
[Black "Vaznonis,V"]
[Result "1-0"]
[WhiteElo "2272"]
[BlackElo "2383"]
[EventType "team"]

1.d4 d5 2.c4 c6 3.Nf3 Nf6 4.Nc3 dxc4 5.a4 Bf5 6.e3 e6 7.Bxc4 Bb4 8.O-O O-O
9.Qe2 Bg6 10.Ne5 Nbd7 11.Nxg6 hxg6 12.e4 Nb6 13.e5 Nfd5 14.Nxd5 Nxd5 15.Qg4
Qa5 16.Rd1 Ne7 17.Bg5 Nf5 18.h4 Be7 19.Bxe7 Nxe7 20.h5 Qb4 21.b3 gxh5 22.Qxh5
g6 23.Qg5 Nf5 24.Rd3 b5 25.axb5 cxb5 26.Bxe6 fxe6 27.Qxg6+ Ng7 28.Rh3 Rf5
29.Qh7+ Kf7 30.Rg3 Qf8 31.Rc1 Re8 32.Rc7+ Re7 33.Rxg7+ {#r} 1-0

[Event "TCh-LTU 2017"]
[Site "masterchessopen.com Lithuania LTU"]
[Date "2017.02.18"]
[Round "3.3"]
[White "Vaicekauskas,G"]
[Black "Kaunas,K"]
[Result "1-0"]
[WhiteElo "2228"]
[BlackElo "2169"]
[EventType "team"]

1.e4 Nf6 2.e5 Nd5 3.d4 d6 4.Nf3 Bg4 5.h3 Bxf3 6.Qxf3 dxe5 7.dxe5 e6 8.Bc4 Nd7
9.Qe2 Bc5 10.O-O c6 11.Nd2 Nf4 12.Qg4 Ng6 13.Nf3 Qc7 14.Bf4 O-O-O 15.Bg3 Nb6
16.Bb3 Qe7 17.Rad1 h5 18.Qe4 h4 19.Bh2 Rxd1 20.Rxd1 Rd8 21.Rxd8+ Qxd8 22.c3
Nd5 23.Kf1 Qh8 24.Ng5 Qh6 25.Qg4 Kd7 26.Ke2 Ke7 27.Bc2 Bb6 28.Nxe6 Nxe5
29.Bxe5 Qxe6 30.Qxe6+ Kxe6 31.Bxg7 f5 32.Bb3 Kf7 33.Bd4 Bxd4 34.Bxd5+ cxd5
35.cxd4 Kf6 36.Kf3 Kg5 37.g3 {#r} 1-0

[Event "TCh-LTU 2017"]
[Site "masterchessopen.com Lithuania LTU"]
[Date "2017.02.18"]
[Round "3.5"]
[White "Pultinevicius,Paulius"]
[Black "Grybas,G"]
[Result "1-0"]
[WhiteElo "2391"]
[BlackElo "2028"]
[EventType "team"]

1.e4 c6 2.d4 d5 3.e5 Bf5 4.Nf3 e6 5.Be2 h6 6.O-O Ne7 7.Nbd2 Nd7 8.Nb3 Nc8 9.a4
Be7 10.a5 O-O 11.a6 b5 12.Bd3 Bxd3 13.cxd3 c5 14.dxc5 Nxc5 15.Nxc5 Bxc5 16.d4
Be7 17.Qd3 Rb8 18.b3 Nb6 19.Bd2 Qd7 20.Ne1 f5 21.Qg3 Kh7 22.Nd3 Rfc8 23.Nf4
Bg5 24.Bb4 Bxf4 25.Qxf4 Rc6 26.Rfc1 Rbc8 27.Bc5 Qc7 28.Re1 Nd7 29.b4 Nxc5
30.bxc5 Rb8 31.Qd2 Qc8 32.Qa5 b4 33.Reb1 b3 34.g3 b2 35.Ra2 f4 36.Qa3 fxg3
37.hxg3 Kg8 38.Qd3 Kf7 39.Kg2 Rb4 40.Rbxb2 Rxb2 41.Rxb2 Qxa6 42.Qh7 Rc7 43.Rb3
Re7 44.Rf3+ Ke8 45.Qg8+ Kd7 46.Rf8 Kc6 {#r} 1-0